Top 5 World Cities in Technology, Innovation & Entrepreneurship - Statistics

General Stats
  • This quiz has been taken 119 times
  • The average score is 3 of 5
Answer Stats
Top 5 World CITIEs pop.mill. % Correct
New York City 8.49
95%
London 8.30
86%
Amsterdam 0.85
30%
Helsinki 0.64
22%
Barcelona 1.61
18%
No matching quizzes found
Score Distribution
Percent of People with Each Score
Percentile by Number Answered
Your Score History
You have not taken this quiz